[Event "DUTCH TOURNOI Pour Mon Pote!"]
[Site "SchemingMind.com"]
[Date "2006.09.18"]
[Round "-"]
[White "twotone"]
[Black "Ursus"]
[Result "0-1"]
[WhiteCountry "ENG"]
[BlackCountry "INT"]
[WhiteElo "1392"]
[WhiteRD "67"]
[BlackElo "1709"]
[BlackRD "62"]
[GameID "68085"]

1. d4 f5 2. e3 Nf6 3. c4 g6 4. Nc3 Bg7 5. Nf3 d6 6. b4 O-O 7. Be2 c6 8. Bb2 Nbd7 9. O-O Kh8 10. Ng5 Nb6
11. a4 a5 12. c5 axb4 13. cxb6 bxc3 14. Bxc3 Qxb6 15. a5 Qd8 16. a6 bxa6 17. Ba5 Qd7 18. Bb6 Nd5 19. Ba5 c5 20. Ra3 cxd4
21. exd4 Bb7 22. Qa4 Qc8 23. Rb3 h6 24. Nf3 Nf4 25. Bd1 Bc6 26. Qa2 Bd5 27. Qd2 Bxb3 28. Qxf4 Bxd1 29. Rxd1 Rb8 30. Rc1 Qd7
31. Bc7 Rb7 32. Ba5 Rfb8 33. Bd2 Qa4 34. h3 Rb1 35. Kh2 Rxc1 36. Bxc1 Rb1 37. Be3 e5 38. Qh4 f4 39. Nxe5 fxe3 40. Nxg6+ Kh7
41. Qe4 Qb3 42. Nf4+ Kg8 43. fxe3 Re1 44. Qe8+ Bf8 45. Qg6+ Kh8 46. Qf6+ Bg7 47. Qd8+ Kh7 48. Qxd6 Qxe3 49. d5 Qg1+ 50. Kg3 Re3+
51. Kg4 Qd1+ 52. Kf5 Re5+ 53. Qxe5 Bxe5 54. Kxe5 Qe1+ 55. Kf5 a5 56. d6 Qe8 57. Ne6 a4 58. Ke5 Kg6 59. Kd5 Kf6 60. Nc7 Qd7
61. Kc5 a3 62. Nd5+ Ke5 63. Nc3 Qxd6+ 64. Kc4 a2 65. Nxa2 Qd5+ 66. Kc3 Qxa2 67. Kd3 Qa4
0-1

[Event "DUTCH TOURNOI Pour Mon Pote!"]
[Site "SchemingMind.com"]
[Date "2006.09.18"]
[Round "-"]
[White "banong"]
[Black "Ursus"]
[Result "0-1"]
[WhiteCountry "PHI"]
[BlackCountry "INT"]
[WhiteElo "1601"]
[WhiteRD "68"]
[BlackElo "1709"]
[BlackRD "62"]
[GameID "68086"]

1. d4 f5 2. c4 Nf6 3. Nc3 d6 4. Bg5 Nbd7 5. e3 g6 6. Nf3 Bg7 7. Bd3 O-O 8. O-O e5 9. Nd5 e4 10. Bxe4 fxe4
11. Nd2 c6 12. Nxf6+ Bxf6 13. Bxf6 Nxf6 14. Qc2 d5 15. cxd5 cxd5 16. Rac1 Be6 17. Qc7 Qxc7 18. Rxc7 b5 19. Rfc1 Rfc8 20. Rxc8+ Rxc8
21. Rxc8+ Bxc8 22. Nb3 Nd7 23. Kf1 Kf7 24. Ke2 h5 25. h4 Kf6 26. a3 a6 27. Nc5 Nxc5 28. dxc5 Bg4+ 29. Kd2 Ke5 30. b4 d4
31. exd4+ Kxd4 32. c6 Bf5 33. c7 Kc4 34. f3 exf3 35. gxf3 Kb3 36. Ke3 Kxa3 37. Kd4 Kxb4 38. Kd5 a5
0-1

[Event "DUTCH TOURNOI Pour Mon Pote!"]
[Site "SchemingMind.com"]
[Date "2006.09.18"]
[Round "-"]
[White "Coloplast"]
[Black "Ursus"]
[Result "1-0"]
[WhiteCountry "SWE"]
[BlackCountry "INT"]
[WhiteElo "1796"]
[WhiteRD "137"]
[BlackElo "1651"]
[BlackRD "82"]
[GameID "68087"]

1. d4 f5 2. c4 Nf6 3. Nc3 e6 4. Nf3 Bb4 5. a3 Bxc3+ 6. bxc3 O-O 7. Bf4 Ne4 8. Qc2 c5 9. e3 Qa5 10. Bd3 Nxc3
11. O-O cxd4 12. exd4 Ne4 13. Bxe4 fxe4 14. Qxe4 Nc6 15. Bd6 Rf6 16. d5 Nd8 17. Rab1 Nf7 18. Be7 Rg6 19. Ne5 Nxe5 20. Qxe5 exd5
21. Qf5 Rf6 22. Bxf6 gxf6 23. Qxf6 dxc4 24. Rfe1 Qh5 25. Re5 Qf7 26. Rg5+ Kf8 27. Qd8+
1-0

[Event "DUTCH TOURNOI Pour Mon Pote!"]
[Site "SchemingMind.com"]
[Date "2006.09.18"]
[Round "-"]
[White "kifosi"]
[Black "sythymesnos"]
[Result "0-1"]
[WhiteCountry "DEN"]
[BlackCountry "FRA"]
[WhiteElo "1669"]
[WhiteRD "80"]
[BlackElo "1715"]
[BlackRD "70"]
[GameID "68143"]

1. d4 f5 2. g3 Nf6 3. Bg2 e6 4. c4 c5 5. Nf3 cxd4 6. Nxd4 Nc6 7. O-O Qb6 8. Nxc6 bxc6 9. b3 Bc5 10. e3 Bb7
11. Bb2 O-O 12. Nc3 Qc7 13. Qd2 Rad8 14. Rfd1 d5 15. cxd5= cxd5 16. Rac1 Bb4 17. a3 Ba5 18. b4 Bb6 19. Nxd5 Qf7 20. Nxf6+ gxf6
21. Qc3 Rc8 22. Qb3 Bxg2 23. Kxg2 Kg7 24. Rd3 Qb7+ 25. Kg1 Qe4 26. Rdc3 Rcd8 27. Qc2 Qf3 28. Rc4 e5 29. a4 Rd5 30. a5 Rfd8
31. Re1 Rd2 32. Qb1 Qxf2+ 33. Kh1 Qxh2#
0-1

[Event "DUTCH TOURNOI Pour Mon Pote!"]
[Site "SchemingMind.com"]
[Date "2006.09.18"]
[Round "-"]
[White "kifosi"]
[Black "twotone"]
[Result "1-0"]
[WhiteCountry "DEN"]
[BlackCountry "ENG"]
[WhiteElo "1669"]
[WhiteRD "80"]
[BlackElo "1392"]
[BlackRD "67"]
[GameID "68145"]

1. d4 f5 2. Nf3 Nf6 3. Bg5 d5 4. e3 Ne4 5. Ne5 g6 6. Bf4 Nd7 7. Nc3 Bg7 8. Nxd5 O-O 9. Nxd7 Bxd7 10. Bxc7 Qe8
11. f3 Nd6 12. Bxd6 exd6 13. Bc4 Qd8 14. Nc7+ Kh8 15. Nxa8 Re8 16. Kf2 Qxa8 17. Bd5 Bc6 18. Bxc6 bxc6 19. c3 Qb7 20. Qb3 Qb6
21. Qxb6 axb6 22. a4 Ra8 23. b4 Bf8 24. Rhe1 h5 25. e4 f4 26. a5 b5 27. g3 g5 28. gxf4 gxf4 29. Rg1 Be7 30. Rg6 h4
31. Rag1 Kh7 32. Rg7+ Kh8 33. Rxe7 Rf8 34. Re6 d5 35. Rh6#
1-0

[Event "DUTCH TOURNOI Pour Mon Pote!"]
[Site "SchemingMind.com"]
[Date "2006.09.18"]
[Round "-"]
[White "kifosi"]
[Black "banong"]
[Result "1-0"]
[WhiteCountry "DEN"]
[BlackCountry "PHI"]
[WhiteElo "1688"]
[WhiteRD "80"]
[BlackElo "1559"]
[BlackRD "69"]
[GameID "68146"]

1. d4 f5 2. Nc3 Nf6 3. Bg5 g6 4. h4 Bg7 5. h5 Nc6 6. hxg6 h6 7. Bxf6 Bxf6 8. e3 d6 9. Nge2 Bg7 10. Ng3 e6
11. Qh5 Qf6 12. O-O-O Bd7 13. Qh4 Qxg6 14. Nb5 Bf6 15. Nxc7+ Kd8 16. Qh5 Qxh5 17. Nxh5 Be7 18. Nxa8 Bg5 19. f4 Be7 20. Ng3 Kc8
21. Bb5 Kb8 22. Nb6 axb6 23. Ne2 Kc7 24. Rh2 Nb4 25. Bxd7 Kxd7 26. a3 Nd5 27. Kd2 b5 28. b3 b4 29. axb4 h5 30. b5 Nf6
31. Ng3 Ng4 32. Rxh5 Rxh5 33. Nxh5 Nf2 34. Rf1 Ne4+ 35. Kd3 d5 36. Rf3 Nd6 37. c4 b6 38. Ng3 dxc4+ 39. bxc4 Bf6 40. Rf1 Bh4
41. Ne2 Ne4 42. Nc3 Nd6 43. Rh1 Be7 44. c5 bxc5 45. dxc5 Ne4 46. Nxe4
1-0

[Event "DUTCH TOURNOI Pour Mon Pote!"]
[Site "SchemingMind.com"]
[Date "2006.09.18"]
[Round "-"]
[White "kifosi"]
[Black "Ursus"]
[Result "1/2-1/2"]
[WhiteCountry "DEN"]
[BlackCountry "INT"]
[WhiteElo "1649"]
[WhiteRD "81"]
[BlackElo "1732"]
[BlackRD "69"]
[GameID "68147"]

1. d4 f5 2. c4 Nf6 3. g3 c6 4. Bg2 g6 5. Nh3 Bg7 6. Nc3 d6 7. d5 e5 8. dxe6 Bxe6 9. b3 O-O 10. Bb2 Na6
11. Nf4 Bf7 12. O-O Re8 13. Rc1 Nc7 14. e3 d5 15. cxd5 cxd5 16. Rc2 Rc8 17. Rd2 Ng4 18. Ncxd5 Bxb2 19. Nxc7 Qxc7 20. Rxb2 Red8
21. Rd2 Qa5 22. Rxd8+ Rxd8 23. Qc2 Rd2 24. Qc8+=
1/2-1/2

[Event "DUTCH TOURNOI Pour Mon Pote!"]
[Site "SchemingMind.com"]
[Date "2006.09.18"]
[Round "-"]
[White "kifosi"]
[Black "Coloplast"]
[Result "0-1"]
[WhiteCountry "DEN"]
[BlackCountry "SWE"]
[WhiteElo "1649"]
[WhiteRD "81"]
[BlackElo "1921"]
[BlackRD "94"]
[GameID "68148"]

1. d4 f5 2. e4 fxe4 3. Nc3 Nf6 4. Bg5 d5 5. Bxf6 exf6 6. Qh5+ g6 7. Qxd5 Nc6 8. Qxd8+ Kxd8 9. Nxe4 Bf5 10. Bd3 Nxd4
11. O-O-O Bh6+ 12. Kb1 Ke7 13. Ne2 Nxe2 14. Nxf6 Kxf6 15. Bxe2 Rad8 16. Bf3 b6 17. h3 Rd6 18. Rxd6+ cxd6 19. b3 Rc8
0-1

[Event "DUTCH TOURNOI Pour Mon Pote!"]
[Site "SchemingMind.com"]
[Date "2006.09.18"]
[Round "-"]
[White "sythymesnos"]
[Black "kifosi"]
[Result "1-0"]
[WhiteCountry "FRA"]
[BlackCountry "DEN"]
[WhiteElo "1715"]
[WhiteRD "72"]
[BlackElo "1649"]
[BlackRD "81"]
[GameID "68149"]

1. d4 f5 2. c4 d6 3. Nc3 Nf6 4. h4 c6 5. h5 Nbd7 6. Bg5 h6 7. Bh4 Nxh5 8. e4 Ndf6 9. Be2 Nf4 10. Bxf6 exf6
11. Bh5+ Nxh5 12. Qxh5+ Ke7 13. exf5 Kd7 14. O-O-O Kc7 15. Nf3 Qd7 16. Rhe1 Qxf5 17. Qe8 Qd7 18. Qe2 Qd8 19. d5 Bd7 20. dxc6 Bxc6
21. Nd4 Bd7 22. c5 dxc5 23. Ne6+
1-0

[Event "DUTCH TOURNOI Pour Mon Pote!"]
[Site "SchemingMind.com"]
[Date "2006.09.18"]
[Round "-"]
[White "janeck"]
[Black "kifosi"]
[Result "1-0"]
[WhiteCountry "FRA"]
[BlackCountry "DEN"]
[WhiteElo "1690"]
[WhiteRD "73"]
[BlackElo "1688"]
[BlackRD "80"]
[GameID "68150"]

1. d4 f5 2. c4 c6 3. Nc3 Nf6 4. Qc2 d5 5. cxd5 Nxd5 6. Nf3 g6 7. Bg5 Na6 8. a3 Bg7 9. e4 Nxc3 10. bxc3 fxe4
11. Qxe4 Bf5 12. Qe2 h6 13. Be3 Qa5 14. Qd2 Nc5 15. Qb2 b6 16. Be2 Na4 17. Qb4 Nxc3 18. Qxa5 bxa5 19. Bc4 Nd5 20. Bxd5 cxd5
21. O-O Rc8 22. Rfc1 O-O 23. h3 h5 24. Nd2 Rxc1+ 25. Rxc1 Rc8 26. Rxc8+ Bxc8 27. Nb3 e6 28. Nxa5 Bd7 29. Nb7 Kf7 30. Nc5 Bb5=
31. a4 Bc4 32. a5 Bf8 33. f4 Bd6 34. Nb7 Bc7 35. Bd2 Ke7 36. g4 hxg4 37. hxg4 a6 38. Kf2 Kf6 39. Kf3 Bb5 40. g5+ Ke7=
41. Nc5 Kd6 42. Bb4 Ke7 43. Nxa6+ Kd8 44. Nc5 Bd7 45. a6 Bb6 46. Nxd7 Kxd7 47. Bc5 Kc7 48. Ke3 Ba5 49. Kd3 Bb6 50. Kc3 Ba5+
51. Kb3 Bd2 52. Ka4 Bxf4 53. Be7 Kb6 54. a7 Kxa7 55. Kb5 Kb7 56. Bf6 Kc7 57. Kc5 Be3= 58. Be5+ Kd7 59. Bf6 Bf4 60. Kb6 Kd6=
61. Kb7 e5 62. dxe5+ Bxe5 63. Bd8 d4 64. Ba5 Bf4 65. Bc7+ Kd5 66. Bxf4 Ke4 67. Bd2 d3 68. Kc6 Kf3 69. Kd6 Ke2 70. Bf4 Kf3
71. Bc1 Kg4 72. Ke6 Kh5 73. Kf6 Kh4 74. Kxg6 Kh3 75. Kf7 Kh4 76. g6 d2 77. Bxd2 Kh5 78. g7 Kh4 79. g8=Q Kh3 80. Kf6 Kh4
81. Be1+ Kh3 82. Qg3#
1-0

[Event "DUTCH TOURNOI Pour Mon Pote!"]
[Site "SchemingMind.com"]
[Date "2006.09.18"]
[Round "-"]
[White "twotone"]
[Black "kifosi"]
[Result "0-1"]
[WhiteCountry "ENG"]
[BlackCountry "DEN"]
[WhiteElo "1419"]
[WhiteRD "66"]
[BlackElo "1649"]
[BlackRD "81"]
[GameID "68151"]

1. d4 f5 2. c4 Nf6 3. Nc3 d6 4. e3 e5 5. dxe5 dxe5 6. Qxd8+ Kxd8 7. Nf3 Nbd7 8. Ng5 Ke8 9. Bd3 h6 10. Ne6 Nc5
11. Nxc5 Bxc5 12. Nd5 Nxd5 13. cxd5 e4 14. Be2 a6 15. O-O b5 16. f3 Bb7 17. Rd1 Rd8 18. fxe4 fxe4 19. Bh5+ Ke7 20. b3 Rxd5
21. Bb2 Bxe3+ 22. Kh1 Rhd8 23. Bxg7 Rxd1+ 24. Bxd1 Rg8 25. Be5 Bb6 26. Be2 e3 27. h4 Rxg2 28. Bf1 Rxa2+ 29. Kg1 e2+
0-1

[Event "DUTCH TOURNOI Pour Mon Pote!"]
[Site "SchemingMind.com"]
[Date "2006.09.18"]
[Round "-"]
[White "banong"]
[Black "kifosi"]
[Result "0-1"]
[WhiteCountry "PHI"]
[BlackCountry "DEN"]
[WhiteElo "1559"]
[WhiteRD "69"]
[BlackElo "1688"]
[BlackRD "80"]
[GameID "68152"]

1. d4 f5 2. c4 d6 3. Nf3 Nf6 4. Nc3 g6 5. g3 Bg7 6. Bg2 c6 7. O-O Qc7 8. Qb3 Nbd7 9. Ng5 Nb6 10. c5 Nbd5
11. e4 fxe4 12. Ngxe4 Nxe4 13. Nxd5 cxd5 14. Qxd5 Nf6 15. Qb3 dxc5 16. Bf4 Qb6 17. Qxb6 axb6 18. dxc5 bxc5 19. Rad1 Rxa2 20. Rd2 O-O
21. Bg5 h6 22. Bxf6 Bxf6 23. Bd5+ Kg7 24. Bxa2 b6 25. Bc4 e6 26. b3 Rd8 27. Rfd1 Rxd2 28. Rxd2 Be7 29. Kg2 Kf6 30. f4 Kf5
31. h3 h5 32. Kf3 e5 33. fxe5 Kxe5 34. Re2+ Kf6 35. g4 hxg4+ 36. hxg4 g5 37. Rh2 Kg7 38. Ke4 Bxg4 39. Rf2 Bh5 40. Kd5 Bf7+
41. Kc6 Bxc4 42. bxc4 Bf6= 43. Kxb6 Bd4 44. Rg2 Kf6 45. Kc6 Kf5 46. Kd5 Kf4
0-1

[Event "DUTCH TOURNOI Pour Mon Pote!"]
[Site "SchemingMind.com"]
[Date "2006.09.18"]
[Round "-"]
[White "Ursus"]
[Black "kifosi"]
[Result "1-0"]
[WhiteCountry "INT"]
[BlackCountry "DEN"]
[WhiteElo "1651"]
[WhiteRD "82"]
[BlackElo "1632"]
[BlackRD "95"]
[GameID "68153"]

1. d4 f5 2. Bg5 h6 3. Bh4 g5 4. e3 Nf6 5. Bg3 d6 6. c4 c6 7. Nc3 Qc7 8. Bd3 Bg7 9. Qc2 Nh5 10. Bxf5 Bxf5
11. Qxf5 Rf8 12. Qg6+
1-0

[Event "DUTCH TOURNOI Pour Mon Pote!"]
[Site "SchemingMind.com"]
[Date "2006.09.18"]
[Round "-"]
[White "Coloplast"]
[Black "kifosi"]
[Result "1-0"]
[WhiteCountry "SWE"]
[BlackCountry "DEN"]
[WhiteElo "1921"]
[WhiteRD "94"]
[BlackElo "1649"]
[BlackRD "81"]
[GameID "68154"]

1. d4 f5 2. c4 d6 3. Nc3 Nf6 4. Nf3 g6 5. Qc2 Bg7 6. e3 O-O 7. Bd2 Nc6 8. a3 a5 9. d5 Nb8 10. Be2 e6
11. O-O b6 12. b4 exd5 13. cxd5 Nxd5 14. Nxd5 Bxa1 15. Rxa1 axb4 16. Nxc7 Rxa3 17. Rxa3 bxa3 18. Bc4+ Kg7 19. Qc3+ Kh6 20. e4+ f4
21. Nd5 g5 22. h4
1-0

[Event "DUTCH TOURNOI Pour Mon Pote!"]
[Site "SchemingMind.com"]
[Date "2006.09.18"]
[Round "-"]
[White "mindgame"]
[Black "sythymesnos"]
[Result "0-1"]
[WhiteCountry "BEL"]
[BlackCountry "FRA"]
[WhiteElo "1586"]
[WhiteRD "97"]
[BlackElo "1719"]
[BlackRD "74"]
[GameID "68157"]

1. d4 f5 2. Nc3 e6 3. e4 fxe4 4. Nxe4 Nf6 5. Bg5 Be7 6. Bxf6 Bxf6 7. Nf3 Be7 8. Ne5 O-O 9. Bd3 d6 10. Nf3 Nc6
11. c3 b6 12. Qd2 e5 13. dxe5 dxe5 14. O-O-O Bg4 15. Be2 Qe8 16. h3 Bf5 17. Qc2 Qf7 18. g4 Bg6 19. Bb5 Qf4+ 20. Nfd2 Nd8
21. Bc4+ Kh8 22. Bd3 Ne6 23. Kb1 Ng5 24. Nxg5 Bxd3 25. Qxd3 Bxg5 26. Ne4 Be7 27. Qe2 Bh4 28. Rd2 Rad8 29. Rhd1 Rxd2 30. Rxd2 Rd8
31. Kc2 Rxd2+ 32. Qxd2 Qxe4+ 33. Kb3 a5 34. a4 h6 35. Qd7 Bxf2 36. Qxc7 Qd5+ 37. Kc2 Qe4+ 38. Kb3 Kh7 39. Qd7 Qf3 40. Ka2 e4
41. Qd5 Kg6 42. Qe6+ Kh7 43. Qd5 Kg6 44. Qe6+ Kg5 45. Qe7+ Kf4 46. Qxg7 Qxh3 47. Qc7+ Kxg4 48. Qd7+ Kg3 49. Qd6+ Kf3 50. Qf6+ Ke2
51. Qd6 Bc5 52. Qc6 e3 53. Qb5+ Kf2
0-1

[Event "DUTCH TOURNOI Pour Mon Pote!"]
[Site "SchemingMind.com"]
[Date "2006.09.18"]
[Round "-"]
[White "mindgame"]
[Black "janeck"]
[Result "1-0"]
[WhiteCountry "BEL"]
[BlackCountry "FRA"]
[WhiteElo "1583"]
[WhiteRD "93"]
[BlackElo "1632"]
[BlackRD "69"]
[GameID "68158"]

1. d4 f5 2. Nc3 Nf6 3. Bg5 e6 4. e4 fxe4 5. Nxe4 Bb4+ 6. c3 Ba5 7. Bxf6 gxf6 8. Qh5+ Ke7 9. Qxa5 Nc6 10. Qh5 Qg8
11. Qh4 Qg6 12. Bd3 Qg7 13. O-O-O d5 14. Nc5 b6 15. Na6 Bxa6 16. Bxa6 Rab8 17. g3 b5 18. a4 Rb6 19. axb5 Nb8 20. Nh3 Nxa6
21. bxa6 Rxa6 22. Nf4 Kd6 23. Nh5 Qh6+ 24. Qf4+ Qxf4+ 25. Nxf4 Rb8 26. Rhe1 e5 27. dxe5+ fxe5 28. Rxd5+ Kc6 29. Rexe5 Ra2 30. Re6+ Kb7
31. Nd3 Ra1+ 32. Kc2 Rh1 33. Nc5+ Ka8 34. Na6 Rf8 35. Rb5 Rxf2+ 36. Kb3 Rf8 37. Nxc7#
1-0

[Event "DUTCH TOURNOI Pour Mon Pote!"]
[Site "SchemingMind.com"]
[Date "2006.09.18"]
[Round "-"]
[White "mindgame"]
[Black "twotone"]
[Result "1-0"]
[WhiteCountry "BEL"]
[BlackCountry "ENG"]
[WhiteElo "1583"]
[WhiteRD "93"]
[BlackElo "1419"]
[BlackRD "66"]
[GameID "68159"]

1. d4 f5 2. Nc3 Nf6 3. Bg5 h6 4. Bxf6 gxf6 5. e4 h5 6. Be2 Bg7 7. Bxh5+ Kf8 8. exf5 d5 9. Qg4 Bd7 10. O-O-O Nc6
11. Nf3 Be8 12. Bxe8 Qxe8 13. Nxd5 Rc8 14. Nf4 Qf7 15. Ne6+ Kg8 16. Nh4 Rh7 17. Ng6 Re8 18. Kb1 Rc8 19. h4 Nd8 20. d5 c6
21. Nxd8 Rxd8 22. dxc6 Rb8 23. c7 Rc8 24. Rd8+ Rxd8 25. cxd8=Q+
1-0

[Event "DUTCH TOURNOI Pour Mon Pote!"]
[Site "SchemingMind.com"]
[Date "2006.09.18"]
[Round "-"]
[White "mindgame"]
[Black "banong"]
[Result "1-0"]
[WhiteCountry "BEL"]
[BlackCountry "PHI"]
[WhiteElo "1583"]
[WhiteRD "93"]
[BlackElo "1634"]
[BlackRD "67"]
[GameID "68160"]

1. d4 f5 2. Nc3 Nf6 3. Bg5 g6 4. Bxf6 exf6 5. e4 Bg7 6. exf5 gxf5 7. Qh5+ Kf8 8. O-O-O d6 9. Re1 Be6 10. Rxe6 Nc6
11. Nf3 Ne7 12. Bd3 Ng6 13. Qxf5 Kf7 14. Ng5+ Kg8 15. Nxh7 Qd7 16. Qxf6 Rxh7 17. Qxg6 Rh6 18. Qxh6 Bxh6+ 19. Rxh6 Re8 20. Ne4
1-0

[Event "DUTCH TOURNOI Pour Mon Pote!"]
[Site "SchemingMind.com"]
[Date "2006.09.18"]
[Round "-"]
[White "mindgame"]
[Black "Ursus"]
[Result "0-1"]
[WhiteCountry "BEL"]
[BlackCountry "INT"]
[WhiteElo "1583"]
[WhiteRD "93"]
[BlackElo "1732"]
[BlackRD "69"]
[GameID "68161"]

1. d4 f5 2. Nc3 Nf6 3. Bg5 c6 4. Bxf6 exf6 5. Qd3 d5 6. Nf3 Bd6 7. O-O-O Be6 8. Nh4 Qd7 9. g3 Na6 10. a3 b5
11. b4 Qc7 12. Nxf5 Bxb4 13. axb4 Nxb4 14. Qe3 Kf7 15. h4 Bxf5 16. Rd2 Qa5 17. Kb2 Rhe8 18. Qf4 Be4 19. f3 Bxc2 20. Rxc2 Nxc2
21. Kxc2 b4 22. Nb1 b3+ 23. Kc1 b2+ 24. Kd1 Qa1
0-1

[Event "DUTCH TOURNOI Pour Mon Pote!"]
[Site "SchemingMind.com"]
[Date "2006.09.18"]
[Round "-"]
[White "mindgame"]
[Black "kifosi"]
[Result "0-1"]
[WhiteCountry "BEL"]
[BlackCountry "DEN"]
[WhiteElo "1583"]
[WhiteRD "93"]
[BlackElo "1649"]
[BlackRD "81"]
[GameID "68162"]

1. d4 f5 2. Nc3 e6 3. e4 d5 4. e5 c5 5. Nf3 Nc6 6. Bg5 Be7 7. Bxe7 Ngxe7 8. dxc5 Ng6 9. Nb5 O-O 10. Nd6 Ngxe5
11. Nxe5 Nxe5 12. Qe2 Nf7 13. Nxc8 Qxc8 14. b4 b6 15. cxb6 axb6 16. c4 dxc4 17. Qxc4 Qb7 18. Qxe6 Rfe8
0-1

[Event "DUTCH TOURNOI Pour Mon Pote!"]
[Site "SchemingMind.com"]
[Date "2006.09.18"]
[Round "-"]
[White "mindgame"]
[Black "Coloplast"]
[Result "1-0"]
[WhiteCountry "BEL"]
[BlackCountry "SWE"]
[WhiteElo "1606"]
[WhiteRD "95"]
[BlackElo "1984"]
[BlackRD "78"]
[GameID "68163"]

1. d4 f5 2. Nc3 Nf6 3. Bg5 g6 4. Bxf6 exf6 5. Nf3 d5 6. e3 Bd6 7. Nxd5 Bxh2 8. Nxf6+ Qxf6 9. Rxh2 Bd7 10. Ne5 Nc6
11. Nxd7 Kxd7 12. d5 Ne5 13. Bb5+ Ke7 14. Qd4 c6 15. dxc6 bxc6 16. Qc5+ Kf7 17. Bxc6 Nxc6 18. O-O-O h5 19. Rd6 Qe5 20. Rd7+ Qe7
21. Rxe7+ Nxe7 22. Rh4 Rhc8 23. Qa5 Rc6 24. Rd4 Rac8 25. c3 R8c7 26. Qe5 Rc5 27. Qh8 R5c6 28. Qh7+ Kf6 29. Qh8+ Kf7 30. Rd8 Ke6
31. f4 Rc5 32. Qd4 R5c6 33. Qe5+ Kf7 34. Rd6 Rxd6 35. Qxd6 Rc6 36. Qb8 a6 37. Kc2 Re6 38. Kd3 Ng8 39. b4 Nf6 40. a4 Ne4
41. Qc7+ Kf6 42. c4 Rd6+ 43. Kc2 Rd2+ 44. Kc1 Rxg2 45. Qc6+ Kg7 46. b5 h4 47. b6 h3 48. Qd7+ Kf6 49. Qd8+ Kf7 50. Qh8 h2
51. b7 Rg1+ 52. Kc2 h1=Q 53. Qxh1 Rxh1 54. b8=Q Rh2+ 55. Kb3 Nc5+ 56. Ka3 Ne4 57. Qc7+ Kf6 58. Qc6+ Kf7 59. Qxa6 Rc2 60. Qb7+ Kf8
61. Qc6 Kf7 62. Qd5+ Kf6 63. Qe5+ Kf7 64. Kb3 Rd2 65. a5 Rd3+ 66. Kb4 Rxe3 67. a6 Re2 68. a7 Ra2 69. Qc7+ Ke6 70. Qc6+
1-0

[Event "DUTCH TOURNOI Pour Mon Pote!"]
[Site "SchemingMind.com"]
[Date "2006.09.18"]
[Round "-"]
[White "sythymesnos"]
[Black "mindgame"]
[Result "1-0"]
[WhiteCountry "FRA"]
[BlackCountry "BEL"]
[WhiteElo "1715"]
[WhiteRD "72"]
[BlackElo "1583"]
[BlackRD "93"]
[GameID "68164"]

1. d4 f5 2. c4 Nf6 3. Nc3 e6 4. Bg5 b6 5. e4 fxe4 6. Nxe4 Bb4+ 7. Nd2 Bb7 8. Nf3 O-O 9. Bd3 h6 10. Bh4 g5
11. Bxg5 hxg5 12. Nxg5 Bxd2+ 13. Qxd2 Qe7 14. Qe3 Kg7 15. Qg3 Kh8 16. O-O-O d6 17. Rde1 Qg7 18. Qh4+ Kg8 19. Nxe6 Qf7 20. Qg5+ Kh8
21. Re3 Qg7 22. Qxg7#
1-0

[Event "DUTCH TOURNOI Pour Mon Pote!"]
[Site "SchemingMind.com"]
[Date "2006.09.18"]
[Round "-"]
[White "janeck"]
[Black "mindgame"]
[Result "0-1"]
[WhiteCountry "FRA"]
[BlackCountry "BEL"]
[WhiteElo "1612"]
[WhiteRD "73"]
[BlackElo "1605"]
[BlackRD "193"]
[GameID "68165"]

1. d4 f5 2. c4 Nf6 3. Nc3 e6 4. Qc2 b6 5. e4 fxe4 6. Nxe4 Bb7 7. Bd3 Bb4+ 8. Bd2 Bxd2+ 9. Kxd2 O-O 10. f3 Nc6
11. Nxf6+ Qxf6 12. Ne2 Qg5+ 13. Kc3 Qa5+
0-1

[Event "DUTCH TOURNOI Pour Mon Pote!"]
[Site "SchemingMind.com"]
[Date "2006.09.18"]
[Round "-"]
[White "twotone"]
[Black "mindgame"]
[Result "0-1"]
[WhiteCountry "ENG"]
[BlackCountry "BEL"]
[WhiteElo "1392"]
[WhiteRD "67"]
[BlackElo "1566"]
[BlackRD "90"]
[GameID "68166"]

1. d4 f5 2. Nf3 Nf6 3. e3 e6 4. c4 Ne4 5. Qc2 b6 6. Bd3 Bb7 7. Nbd2 Bb4 8. O-O Bxd2 9. Nxd2 O-O 10. Nxe4 fxe4
11. Bxe4 Bxe4 12. Qxe4 Nc6 13. Bd2 Qf6 14. Bc3 Qf5 15. Qh4 Rf6 16. Rad1 Rh6 17. Qg3 d6 18. d5 Rg6 19. Qf4 Qxf4 20. exf4 Ne7
21. Rfe1 Kf7 22. dxe6+ Kg8 23. a4 Re8 24. Rd5 Nxd5 25. cxd5 Kf8 26. f5 Rg5 27. Re3 Rxf5 28. Rg3 g6 29. Rd3 Ke7 30. b3 c6
31. a5 Rxd5 32. Rxd5 cxd5 33. Bb4 Kxe6 34. g4 Ke5 35. Kg2 d4 36. Bd2 Ke4 37. f4 Kd3 38. Bb4 Ke2 39. axb6 axb6 40. Bxd6 d3
41. Bb4 d2 42. Bxd2 Kxd2 43. Kf3 Kc3 44. f5 gxf5 45. gxf5 Kxb3 46. Kf4 Kc3 47. f6 b5 48. Kf5 b4 49. f7 Rf8 50. Ke6 b3
51. Ke7 Ra8 52. f8=Q Rxf8 53. Kxf8 b2
0-1

[Event "DUTCH TOURNOI Pour Mon Pote!"]
[Site "SchemingMind.com"]
[Date "2006.09.18"]
[Round "-"]
[White "banong"]
[Black "mindgame"]
[Result "0-1"]
[WhiteCountry "PHI"]
[BlackCountry "BEL"]
[WhiteElo "1634"]
[WhiteRD "67"]
[BlackElo "1583"]
[BlackRD "93"]
[GameID "68167"]

1. d4 f5 2. c4 Nf6 3. e3 e6 4. Nc3 b6 5. Nf3 Bb7 6. Bd3 Bb4 7. O-O Bxc3 8. bxc3 O-O 9. Ne5 d6 10. Nf3 Nbd7
11. Be2 Qe7 12. Qc2 Ne4 13. Bd3 c5 14. Nd2 Nxd2 15. Bxd2 Rf6 16. e4 f4 17. e5 dxe5 18. Bxh7+ Kf8 19. Rae1 cxd4 20. cxd4 Rh6
21. g3 Qg5 22. dxe5 Qg4
0-1

[Event "DUTCH TOURNOI Pour Mon Pote!"]
[Site "SchemingMind.com"]
[Date "2006.09.18"]
[Round "-"]
[White "Ursus"]
[Black "mindgame"]
[Result "1-0"]
[WhiteCountry "INT"]
[BlackCountry "BEL"]
[WhiteElo "1732"]
[WhiteRD "69"]
[BlackElo "1583"]
[BlackRD "93"]
[GameID "68168"]

1. d4 f5 2. Bg5 Nc6 3. Nc3 h6 4. Bh4 g5 5. e3 Nf6 6. Bg3 b6 7. Bd3 Bb7 8. Bxf5 Bg7 9. Bg6+ Kf8 10. d5 Nb4
11. e4 e6 12. d6 c5 13. e5 Nfd5 14. Qf3+ Bf6 15. exf6 Rc8 16. a3 Nc6 17. Ne4 Nd4 18. Qd3 Nxf6 19. Be5 Bxe4 20. Bxe4 Nxe4
21. Bxh8
1-0

[Event "DUTCH TOURNOI Pour Mon Pote!"]
[Site "SchemingMind.com"]
[Date "2006.09.18"]
[Round "-"]
[White "kifosi"]
[Black "mindgame"]
[Result "1-0"]
[WhiteCountry "DEN"]
[BlackCountry "BEL"]
[WhiteElo "1632"]
[WhiteRD "95"]
[BlackElo "1605"]
[BlackRD "193"]
[GameID "68169"]

1. d4 f5 2. e4 fxe4 3. Nc3 Nf6 4. Bg5 b6 5. f3 Bb7 6. Bxf6 exf6 7. Nxe4 Qe7 8. Qe2 Qb4+ 9. c3 Qa5 10. Nd6+ Kd8
11. Qe8#
1-0

[Event "DUTCH TOURNOI Pour Mon Pote!"]
[Site "SchemingMind.com"]
[Date "2006.09.18"]
[Round "-"]
[White "Coloplast"]
[Black "mindgame"]
[Result "1-0"]
[WhiteCountry "SWE"]
[BlackCountry "BEL"]
[WhiteElo "1921"]
[WhiteRD "94"]
[BlackElo "1583"]
[BlackRD "93"]
[GameID "68170"]

1. d4 f5 2. c4 Nf6 3. Nc3 e6 4. Nf3 Bb4 5. Qc2 Ne4 6. Bd2 Nxd2 7. Nxd2 b6 8. a3 Bxc3 9. Qxc3 Bb7 10. e3 O-O
11. b4 d6 12. Nf3 Nd7 13. Be2 Qe7 14. a4 c5 15. bxc5 dxc5 16. a5 cxd4 17. exd4 Rac8 18. O-O Qf6 19. axb6 axb6 20. Ra7 Rb8
21. Rb1 Rfd8 22. Qe3 Be4 23. Rd1 Qf8 24. Ng5 Nf6 25. Nxe6 Qe8 26. Nxd8 Rxd8 27. f3 Bc2 28. Qxe8+ Rxe8 29. Rd2 Bb3 30. Kf2 Nh5
31. g3
1-0

[Event "DUTCH TOURNOI Pour Mon Pote!"]
[Site "SchemingMind.com"]
[Date "2006.09.20"]
[Round "-"]
[White "OlegK"]
[Black "sythymesnos"]
[Result "1-0"]
[WhiteCountry "BLR"]
[BlackCountry "FRA"]
[WhiteElo "1982"]
[WhiteRD "113"]
[BlackElo "1715"]
[BlackRD "72"]
[GameID "68390"]

1. d4 f5 2. c4 e6 3. Nf3 Nf6 4. g3 b6 5. Bg2 Bb7 6. Nc3 Be7 7. O-O O-O 8. b3 Ne4 9. Bb2 c5 10. Qc2 cxd4
11. Nxd4 Bc5 12. Nxe4 fxe4 13. Bxe4 Bxe4 14. Qxe4 Na6 15. Rad1 Qf6 16. Ba1 Rae8 17. Nf3 Qe7 18. Qb7 Nb4 19. Rxd7
1-0